000
00316nam a2200121 a 4500
005
20140414131925.0
008
101027s19uu xx 00 eng d
050
_a
ER
_b
B23 1997
100
_a
White, Stephen
245
_a
Barney's christmas wishes.
260
_a
Texas :
_b
Lyon's Partnership,
_c
1997.
999
_c
111944
_d
111944